| 000 | 01072cam a22002653a 4500 | ||
|---|---|---|---|
| 001 | 1574 | ||
| 003 | PGUSA | ||
| 005 | 20140828083003.0 | ||
| 008 | 981201s1998||||xxu|||||s|||||000 | eng d | ||
| 040 |
_aPGUSA _beng |
||
| 042 | _adc | ||
| 050 | 4 | _aPZ | |
| 050 | 4 | _aCT | |
| 100 | 1 |
_aBrooks, Elbridge S. _q(Elbridge Streeter), _d1846-1902 |
|
| 245 | 1 | 0 |
_aHistoric Girls : _bStories Of Girls Who Have Influenced The History Of Their Times _h[electronic resource] / _cElbridge S. Brooks |
| 260 |
_bProject Gutenberg, _c1998 |
||
| 505 | 0 | _aZenobia of Palmyra -- Helena of Britain -- Pulcheria of Constantinople -- Clotilda of Burgundy -- Woo of Hwang-Ho -- Edith of Scotland -- Jacqueline of Holland -- Catarina of Venice -- Theresa of Avila -- Elizabeth of Tudor -- Christina of Sweden -- Ma-ta-oka of Pow-ha-tan. | |
| 506 | _aPublic domain in the USA. | ||
| 516 | _aElectronic text | ||
| 653 | _aBiography -- Juvenile literature | ||
| 653 | _aGirls -- Biography | ||
| 830 | 0 |
_aProject Gutenberg _v1574 |
|
| 856 | 4 | 0 | _uhttp://www.gutenberg.org/ebooks/1574 |
| 942 | _cEB | ||
| 999 |
_c230922 _d230922 |
||